introduction research methods a practical guide for anyone undertaking a research project (Record no. 9668)
[ view plain ]
| 000 -LEADER | |
|---|---|
| fixed length control field | 00301nam a22001097a 4500 |
| 040 ## - CATALOGING SOURCE | |
| Transcribing agency | HS |
| 100 ## - MAIN ENTRY--AUTHOR NAME | |
| Personal name | CHAHERUBE DAWSON |
| 245 ## - TITLE STATEMENT | |
| Title | introduction research methods a practical guide for anyone undertaking a research project |
| 260 ## - PUBLICATION, DISTRIBUTION, ETC. (IMPRINT) | |
| Place of publication | British |
| Name of publisher | CHAHERUBE DAWSON |
| Year of publication | 2009 |
| 300 ## - PHYSICAL DESCRIPTION | |
| Number of Pages | 166p; |
| 942 ## - ADDED ENTRY ELEMENTS (KOHA) | |
| Koha item type | សៀវភៅភាសាអង់គ្លេស |
No items available.